000 00607nam a2200229Ia 4500
005 20230801135055.0
008 131103s9999 xx 000 0 und d
020 _cRs 21.00
040 _aLoreto College
041 _aEnglish
082 _a551.4
_bBOL
100 _aBolton , J
245 _aGeography through fieldwork
_cJ Bolton and P . A . Newbury
260 _aLondon
_bBlandford Press
_c1967
300 _a135p
_b ill. figures
504 _aInclude glossary and index
650 _aGeography
651 _aMathematical geography
700 _aNwebury , P . A
850 _aLCLIB
942 _cBK
999 _c321
_d50800